FF7 - Materias d'invocation - Statistiques

Statistiques générales
  • Ce quiz a été pris 5 fois
  • Le résultat moyen est 14 sur 16
Statistiques - réponses
Réponses % Correct
Alexandre
100%
Bahamut
100%
Bahamut ZERO
100%
Choco/Mog
100%
Hades
100%
Ifrit
100%
Leviathan
100%
Neo Bahamut
100%
Odin
100%
Phoenix
100%
Shiva
100%
Titan
100%
Chevaliers de la table ronde
67%
Ramuh
67%
Typhon
33%
Kjata (Kujata)
0%
Aucun quiz correspondant
Distribution des résultats
% des personnes avec chaque résultat
Percentile par nombre de réponses
Votre historique - résultats
Vous n’avez pas pris ce quiz